[Event "OeISM B U10"]
[Site "AUT_boys_U10"]
[Date "2020.12.13"]
[Round "4"]
[White "Daniel195"]
[Black "Martinovicdavid"]
[Result "1/2-1/2"]
[WhiteElo "1645"]
[BlackElo "1684"]
[Annotator "NA"]
[PlyCount "68"]
[EventDate "2020.12.13"]
[EventType "blitz"]

1. d4 {[%emt 0:00:11]} d5 {[%emt 0:00:02]} 2. Nf3 {[%emt 0:00:05]} Nc6 {[%emt 0:00:04]} 3. e3 {[%emt 0:00:02]} Nf6 {[%emt 0:00:02]} 4. Bb5 {[%emt 0:00:03]} Bf5 {[%emt 0:00:04]} 5. Ne5 {[%emt 0:00:35]} Bd7 {[%emt 0:00:20]} 6. Bxc6 {[%emt 0:00:10]} Bxc6 {[%emt 0:00:02]} 7. Nxc6 {[%emt 0:00:03]} bxc6 {[%emt 0:00:02]} 8. Nd2 {[%emt 0:00:06]} e6 {[%emt 0:00:03]} 9. c4 {[%emt 0:00:05]} Bb4 {[%emt 0:00:08]} 10. a3 {[%emt 0:00:09]} Bxd2+ {[%emt 0:00:02]} 11. Bxd2 {[%emt 0:00:06]} O-O {[%emt 0:00:03]} 12. O-O {[%emt 0:00:08]} Ne4 {[%emt 0:00:12]} 13. f3 {[%emt 0:01:00]} Nxd2 {[%emt 0:00:05]} 14. Qxd2 {[%emt 0:00:07]} h6 {[%emt 0:00:27]} 15. Rac1 {[%emt 0:00:07]} Qd6 {[%emt 0:00:19]} 16. e4 {[%emt 0:00:09]} dxe4 {[%emt 0:00:44]} 17. fxe4 {[%emt 0:00:03]} Rfd8 {[%emt 0:00:02]} 18. Rfd1 {[%emt 0:00:04]} c5 {[%emt 0:00:09]} 19. d5 {[%emt 0:00:03]} Rd7 {[%emt 0:00:44]} 20. Rc3 {[%emt 0:00:15]} Rad8 {[%emt 0:00:27]} 21. Rd3 {[%emt 0:00:05]} c6 {[%emt 0:00:39]} 22. g3 {[%emt 0:00:11]} cxd5 {[%emt 0:00:07]} 23. exd5 {[%emt 0:00:03]} exd5 {[%emt 0:00:05]} 24. Rxd5 {[%emt 0:00:04]} Qe6 {[%emt 0:01:01]} 25. Rxd7 {[%emt 0:00:05]} Rxd7 {[%emt 0:00:04]} 26. Qxd7 {[%emt 0:00:03]} Qe3+ {[%emt 0:00:03]} 27. Kg2 {[%emt 0:00:02]} Qe2+ {[%emt 0:00:11]} 28. Kh3 {[%emt 0:00:02]} Qh5+ {[%emt 0:00:05]} 29. Kg2 {[%emt 0:00:02]} Qe2+ {[%emt 0:00:04]} 30. Kg1 {[%emt 0:00:09]} Qe3+ {[%emt 0:00:05]} 31. Kf1 {[%emt 0:00:08]} Qf3+ {[%emt 0:00:03]} 32. Ke1 {[%emt 0:00:01]} Qe3+ {[%emt 0:00:01]} 33. Kf1 {[%emt 0:00:02]} Qf3+ {[%emt 0:00:01]} 34. Kg1 {[%emt 0:00:01]} Qe3+ {[%emt 0:00:02] Threefold Rep Threefold Rep} 1/2-1/2

[Event "OeISM B U10"]
[Site "AUT_boys_U10"]
[Date "2020.12.13"]
[Round "4"]
[White "Widder2010"]
[Black "Noeldep3f"]
[Result "1-0"]
[WhiteElo "1639"]
[BlackElo "1553"]
[Annotator "NA RC"]
[PlyCount "47"]
[EventDate "2020.12.13"]
[EventType "blitz"]

1. d4 {[%emt 0:00:04]} d5 {[%emt 0:00:02]} 2. c4 {[%emt 0:00:02]} dxc4 {[%emt 0:00:10]} 3. Nc3 {[%emt 0:00:02]} Nc6 {[%emt 0:00:04]} 4. Bf4 {[%emt 0:00:03]} Nf6 {[%emt 0:00:02]} 5. e3 {[%emt 0:00:02]} Bf5 {[%emt 0:00:01]} 6. Bxc4 {[%emt 0:00:07]} e6 {[%emt 0:00:01]} 7. Nf3 {[%emt 0:00:03]} Bb4 {[%emt 0:00:07]} 8. a3 {[%emt 0:00:06]} Ba5 {[%emt 0:00:02]} 9. b4 {[%emt 0:00:10]} Bb6 {[%emt 0:00:04]} 10. Bd3 {[%emt 0:00:06]} Bxd3 {[%emt 0:00:16]} 11. Qxd3 {[%emt 0:00:04]} Qd7 {[%emt 0:00:05]} 12. Nd2 {[%emt 0:00:08]} a6 {[%emt 0:00:03]} 13. Nb3 {[%emt 0:00:03]} h6 {[%emt 0:00:10]} 14. Nc5 {[%emt 0:00:05]} Bxc5 {[%emt 0:00:07]} 15. bxc5 {[%emt 0:00:02]} e5 {[%emt 0:00:08]} 16. Bg3 {[%emt 0:00:11]} exd4 {[%emt 0:00:02]} 17. exd4 {[%emt 0:00:13]} O-O-O {[%emt 0:00:05]} 18. O-O {[%emt 0:00:14]} Qxd4 {[%emt 0:00:10]} 19. Qc2 {[%emt 0:00:04]} Qxc5 {[%emt 0:00:02]} 20. Rab1 {[%emt 0:00:11]} h5 {[%emt 0:00:08]} 21. Qb2 {[%emt 0:00:03]} b6 {[%emt 0:00:08]} 22. Na4 {[%emt 0:00:10]} Qa5 {[%emt 0:00:07]} 23. Qc2 {[%emt 0:00:19] Noeldep3f offers a draw} Nd4 {[%emt 0:00:34]} 24. Qxc7# {[%emt 0:00:10] Mate Mate} 1-0

[Event "OeISM B U10"]
[Site "AUT_boys_U10"]
[Date "2020.12.13"]
[Round "4"]
[White "Chesstornado2011"]
[Black "Codeman1980"]
[Result "0-1"]
[WhiteElo "1553"]
[BlackElo "1629"]
[Annotator "NA RC"]
[PlyCount "84"]
[EventDate "2020.12.13"]
[EventType "blitz"]

1. e4 {[%emt 0:00:04]} c5 {[%emt 0:00:02]} 2. Nf3 {[%emt 0:00:02]} d6 {[%emt 0:00:06]} 3. Bc4 {[%emt 0:00:03]} Nf6 {[%emt 0:00:10]} 4. Nc3 {[%emt 0:00:15]} Nc6 {[%emt 0:00:05]} 5. Bb5 {[%emt 0:00:05]} Bd7 {[%emt 0:00:31]} 6. d3 {[%emt 0:00:11]} a6 {[%emt 0:00:08]} 7. Ba4 {[%emt 0:00:05]} b5 {[%emt 0:00:03]} 8. Bb3 {[%emt 0:00:02]} g6 {[%emt 0:00:12]} 9. a3 {[%emt 0:00:06]} Bg7 {[%emt 0:00:03]} 10. Be3 {[%emt 0:00:13]} O-O {[%emt 0:00:09]} 11. O-O {[%emt 0:00:11]} Rb8 {[%emt 0:00:28]} 12. Qd2 {[%emt 0:00:12]} Ng4 {[%emt 0:00:10]} 13. h3 {[%emt 0:00:07]} Nxe3 {[%emt 0:00:02]} 14. fxe3 {[%emt 0:00:05]} Na5 {[%emt 0:00:42]} 15. Ba2 {[%emt 0:00:05]} h6 {[%emt 0:00:23]} 16. b4 {[%emt 0:00:18]} Nc6 {[%emt 0:00:26]} 17. Rab1 {[%emt 0:00:05]} cxb4 {[%emt 0:00:18]} 18. axb4 {[%emt 0:00:05]} Rc8 {[%emt 0:00:09]} 19. Ne2 {[%emt 0:00:30]} Ne5 {[%emt 0:00:48]} 20. Nxe5 {[%emt 0:00:07]} Bxe5 {[%emt 0:00:06]} 21. d4 {[%emt 0:00:04]} Bg7 {[%emt 0:00:07]} 22. Qe1 {[%emt 0:00:06]} Rxc2 {[%emt 0:00:16]} 23. Bb3 {[%emt 0:00:11]} Rc7 {[%emt 0:00:27]} 24. Qg3 {[%emt 0:00:12]} e6 {[%emt 0:00:48]} 25. Qxd6 {[%emt 0:00:10]} Bc6 {[%emt 0:00:44]} 26. Qf4 {[%emt 0:00:23]} Re8 {[%emt 0:00:20]} 27. e5 {[%emt 0:00:23]} Bd5 {[%emt 0:00:14]} 28. Bxd5 {[%emt 0:00:16]} Qxd5 {[%emt 0:00:05]} 29. Rbc1 {[%emt 0:00:29]} Rec8 {[%emt 0:00:17]} 30. Qf2 {[%emt 0:00:34]} Qd7 {[%emt 0:00:31]} 31. Ng3 {[%emt 0:00:30]} Rxc1 {[%emt 0:00:13]} 32. Rxc1 {[%emt 0:00:03]} Rxc1+ {[%emt 0:00:03]} 33. Kh2 {[%emt 0:00:02]} Qc6 {[%emt 0:00:08]} 34. Qf4 {[%emt 0:00:20]} Rc2 {[%emt 0:00:09]} 35. Ne4 {[%emt 0:00:14]} g5 {[%emt 0:00:17]} 36. Qf3 {[%emt 0:00:09]} a5 {[%emt 0:00:49]} 37. bxa5 {[%emt 0:00:06]} b4 {[%emt 0:00:05]} 38. Kg3 {[%emt 0:00:09]} b3 {[%emt 0:00:10]} 39. Nd6 {[%emt 0:00:04]} Qxf3+ {[%emt 0:00:04]} 40. gxf3 {[%emt 0:00:07]} b2 {[%emt 0:00:02]} 41. Nb5 {[%emt 0:00:10]} b1=Q {[%emt 0:00:07]} 42. Na3 {[%emt 0:00:03]} Qg1# {[%emt 0:00:03] Mate} 0-1

[Event "OeISM B U10"]
[Site "AUT_boys_U10"]
[Date "2020.12.13"]
[Round "4"]
[White "Chessroman"]
[Black "Alain 007"]
[Result "1-0"]
[WhiteElo "1535"]
[BlackElo "1567"]
[Annotator "NA"]
[PlyCount "82"]
[EventDate "2020.12.13"]
[EventType "blitz"]

1. e4 {[%emt 0:00:04]} d5 {[%emt 0:00:05]} 2. exd5 {[%emt 0:00:13]} Qxd5 {[%emt 0:00:21]} 3. Nf3 {[%emt 0:00:03]} Bg4 {[%emt 0:00:08]} 4. Be2 {[%emt 0:00:14]} Nc6 {[%emt 0:00:25]} 5. O-O {[%emt 0:00:05]} e6 {[%emt 0:00:08]} 6. Nc3 {[%emt 0:00:10]} Qh5 {[%emt 0:00:05]} 7. Re1 {[%emt 0:00:26]} Bd6 {[%emt 0:00:04]} 8. d4 {[%emt 0:00:09]} Bxf3 {[%emt 0:00:04]} 9. Bxf3 {[%emt 0:00:08]} Qxh2+ {[%emt 0:00:04]} 10. Kf1 {[%emt 0:00:01]} Qh1+ {[%emt 0:00:13]} 11. Ke2 {[%emt 0:00:03]} Qh4 {[%emt 0:00:07]} 12. Be3 {[%emt 0:00:19]} Nf6 {[%emt 0:00:12]} 13. Bxc6+ {[%emt 0:00:12]} bxc6 {[%emt 0:00:10]} 14. Rh1 {[%emt 0:00:24]} Qg4+ {[%emt 0:00:08]} 15. Kf1 {[%emt 0:00:03]} Qxd1+ {[%emt 0:00:09]} 16. Rxd1 {[%emt 0:00:03]} O-O {[%emt 0:00:03]} 17. Rd3 {[%emt 0:00:12]} Rab8 {[%emt 0:00:04]} 18. b3 {[%emt 0:00:07]} Bb4 {[%emt 0:00:05]} 19. Ne2 {[%emt 0:00:06]} Nd5 {[%emt 0:00:05]} 20. Nf4 {[%emt 0:00:16]} Nxe3+ {[%emt 0:00:06]} 21. Rxe3 {[%emt 0:00:08]} Bd2 {[%emt 0:00:05]} 22. Rf3 {[%emt 0:00:02]} Bxf4 {[%emt 0:00:02]} 23. Rxf4 {[%emt 0:00:01]} h6 {[%emt 0:00:03]} 24. Rg4 {[%emt 0:00:08]} Kh7 {[%emt 0:00:04]} 25. Rh3 {[%emt 0:00:06]} Rfe8 {[%emt 0:00:15]} 26. Rhg3 {[%emt 0:00:04]} g6 {[%emt 0:00:13]} 27. Rf4 {[%emt 0:00:07]} Re7 {[%emt 0:00:06]} 28. Rgf3 {[%emt 0:00:03]} Kg7 {[%emt 0:00:03]} 29. Rc3 {[%emt 0:00:12]} Rbe8 {[%emt 0:00:11]} 30. Rxc6 {[%emt 0:00:05]} e5 {[%emt 0:00:02]} 31. dxe5 {[%emt 0:00:06]} Rxe5 {[%emt 0:00:02]} 32. g3 {[%emt 0:00:02]} Re1+ {[%emt 0:00:14]} 33. Kg2 {[%emt 0:00:04]} R1e7 {[%emt 0:00:11]} 34. Ra4 {[%emt 0:00:09]} Ra8 {[%emt 0:00:10]} 35. Rca6 {[%emt 0:00:10]} Re2 {[%emt 0:00:08]} 36. Rc6 {[%emt 0:00:07]} Re7 {[%emt 0:00:05]} 37. Kf3 {[%emt 0:00:10]} Re6 {[%emt 0:00:12]} 38. Rxc7 {[%emt 0:00:04]} a6 {[%emt 0:00:09]} 39. Rb4 {[%emt 0:00:06]} Rae8 {[%emt 0:00:09]} 40. Rbb7 {[%emt 0:00:04]} R8e7 {[%emt 0:00:02]} 41. Rxe7 {[%emt 0:00:03]} Rxe7 {[%emt 0:00:01] Alain 007 resigns} 1-0

[Event "OeISM B U10"]
[Site "AUT_boys_U10"]
[Date "2020.12.13"]
[Round "4"]
[White "Felix808"]
[Black "Mattfried"]
[Result "1/2-1/2"]
[WhiteElo "1521"]
[BlackElo "1684"]
[Annotator "NA"]
[PlyCount "44"]
[EventDate "2020.12.13"]
[EventType "blitz"]

1. e4 {[%emt 0:00:03]} e5 {[%emt 0:00:02]} 2. Nf3 {[%emt 0:00:02]} Nc6 {[%emt 0:00:10]} 3. Bc4 {[%emt 0:00:05]} Nf6 {[%emt 0:00:02]} 4. Ng5 {[%emt 0:00:04]} Bc5 {[%emt 0:00:04]} 5. Nxf7 {[%emt 0:00:04]} Bxf2+ {[%emt 0:00:02]} 6. Kxf2 {[%emt 0:00:03]} Nxe4+ {[%emt 0:00:02]} 7. Ke2 {[%emt 0:00:12]} Nd4+ {[%emt 0:00:06]} 8. Kd3 {[%emt 0:00:06]} Nf2+ {[%emt 0:00:43]} 9. Kc3 {[%emt 0:00:07]} Nxd1+ {[%emt 0:00:09]} 10. Rxd1 {[%emt 0:00:07]} Qf6 {[%emt 0:00:35]} 11. Nxh8 {[%emt 0:00:05]} b5 {[%emt 0:00:03]} 12. Bf7+ {[%emt 0:00:07]} Kd8 {[%emt 0:00:11]} 13. d3 {[%emt 0:00:23]} Ne2+ {[%emt 0:00:28]} 14. Kd2 {[%emt 0:00:04]} Nxc1 {[%emt 0:00:08]} 15. Kxc1 {[%emt 0:00:02]} Qf4+ {[%emt 0:00:03]} 16. Nd2 {[%emt 0:00:04]} d6 {[%emt 0:00:27]} 17. Bd5 {[%emt 0:00:10]} Rb8 {[%emt 0:00:16]} 18. Rf1 {[%emt 0:00:03]} Qxh2 {[%emt 0:00:33]} 19. Rf8+ {[%emt 0:00:04]} Kd7 {[%emt 0:00:06]} 20. Rf7+ {[%emt 0:00:08]} Kd8 {[%emt 0:00:22]} 21. Rf8+ {[%emt 0:00:03]} Kd7 {[%emt 0:00:22]} 22. Rf7+ {[%emt 0:00:08] Mattfried offers a draw} Kd8 {[%emt 0:00:07]} 1/2-1/2

[Event "OeISM B U10"]
[Site "AUT_boys_U10"]
[Date "2020.12.13"]
[Round "4"]
[White "Derenick2010"]
[Black "Kaljikovic"]
[Result "1-0"]
[WhiteElo "1485"]
[BlackElo "1371"]
[Annotator "NA"]
[PlyCount "105"]
[EventDate "2020.12.13"]
[EventType "blitz"]

1. e4 {[%emt 0:00:06]} e5 {[%emt 0:00:02]} 2. Nf3 {[%emt 0:00:03]} Nf6 {[%emt 0:00:02]} 3. Nxe5 {[%emt 0:00:02]} d6 {[%emt 0:00:04]} 4. Nf3 {[%emt 0:00:02]} Nxe4 {[%emt 0:00:07]} 5. Qe2 {[%emt 0:00:10]} d5 {[%emt 0:00:02]} 6. d3 {[%emt 0:00:05]} Qe7 {[%emt 0:00:08]} 7. dxe4 {[%emt 0:00:08]} Qb4+ {[%emt 0:00:05]} 8. Nc3 {[%emt 0:00:05]} dxe4 {[%emt 0:00:12]} 9. Qxe4+ {[%emt 0:00:11]} Qxe4+ {[%emt 0:00:04]} 10. Nxe4 {[%emt 0:00:03]} Bb4+ {[%emt 0:00:04]} 11. Bd2 {[%emt 0:00:03]} Bxd2+ {[%emt 0:00:04]} 12. Nexd2 {[%emt 0:00:02]} O-O {[%emt 0:00:04]} 13. O-O-O {[%emt 0:00:03]} Nc6 {[%emt 0:00:05]} 14. Bd3 {[%emt 0:00:04]} Nb4 {[%emt 0:00:04]} 15. Kb1 {[%emt 0:00:14]} Be6 {[%emt 0:00:06]} 16. Bc4 {[%emt 0:00:06]} Bf5 {[%emt 0:00:19]} 17. Rc1 {[%emt 0:00:19]} b5 {[%emt 0:00:05]} 18. Bxb5 {[%emt 0:00:06]} a6 {[%emt 0:00:06]} 19. Bc6 {[%emt 0:00:04]} Nxc6 {[%emt 0:00:05]} 20. Rhe1 {[%emt 0:00:07]} Nb4 {[%emt 0:00:13]} 21. Re5 {[%emt 0:00:05]} Bd7 {[%emt 0:00:06]} 22. Re7 {[%emt 0:00:08]} Rad8 {[%emt 0:00:10]} 23. Re4 {[%emt 0:00:03]} Bf5 {[%emt 0:00:04]} 24. Rxb4 {[%emt 0:00:08]} a5 {[%emt 0:00:10]} 25. Rb5 {[%emt 0:00:04]} a4 {[%emt 0:00:03]} 26. Rxf5 {[%emt 0:00:02]} Ra8 {[%emt 0:00:10]} 27. Ne5 {[%emt 0:00:09]} Rab8 {[%emt 0:00:02]} 28. Nd7 {[%emt 0:00:05]} Rb7 {[%emt 0:00:09]} 29. Nxf8 {[%emt 0:00:06]} Kxf8 {[%emt 0:00:02]} 30. Re5 {[%emt 0:00:07]} g6 {[%emt 0:00:05]} 31. Ne4 {[%emt 0:00:12]} a3 {[%emt 0:00:04]} 32. b3 {[%emt 0:00:05]} f6 {[%emt 0:00:06]} 33. Nxf6 {[%emt 0:00:06]} c6 {[%emt 0:00:11]} 34. Ne4 {[%emt 0:00:16]} c5 {[%emt 0:00:04]} 35. Nd6 {[%emt 0:00:02]} c4 {[%emt 0:00:06]} 36. Nxb7 {[%emt 0:00:03]} cxb3 {[%emt 0:00:03]} 37. axb3 {[%emt 0:00:01]} Kf7 {[%emt 0:00:08]} 38. Rd1 {[%emt 0:00:03]} Kf6 {[%emt 0:00:01]} 39. f4 {[%emt 0:00:06]} g5 {[%emt 0:00:07]} 40. Nc5 {[%emt 0:00:04]} gxf4 {[%emt 0:00:04]} 41. Re6+ {[%emt 0:00:01]} Kf5 {[%emt 0:00:03]} 42. Rd5+ {[%emt 0:00:03]} Kg4 {[%emt 0:00:03]} 43. h3+ {[%emt 0:00:01]} Kg3 {[%emt 0:00:03]} 44. Ne4+ {[%emt 0:00:05]} Kxg2 {[%emt 0:00:02]} 45. Rf6 {[%emt 0:00:05]} f3 {[%emt 0:00:02]} 46. Rdf5 {[%emt 0:00:03]} f2 {[%emt 0:00:02]} 47. Rxf2+ {[%emt 0:00:02]} Kxh3 {[%emt 0:00:03]} 48. R6f4 {[%emt 0:00:04]} a2+ {[%emt 0:00:19]} 49. Kxa2 {[%emt 0:00:04]} h6 {[%emt 0:00:03]} 50. Re2 {[%emt 0:00:02]} h5 {[%emt 0:00:01]} 51. Re3+ {[%emt 0:00:01]} Kh2 {[%emt 0:00:03]} 52. Rf2+ {[%emt 0:00:01]} Kh1 {[%emt 0:00:03]} 53. Re1# {[%emt 0:00:01] Mate Mate} 1-0

[Event "OeISM B U10"]
[Site "AUT_boys_U10"]
[Date "2020.12.13"]
[Round "4"]
[White "Janoschluis"]
[Black "Super-Patzer"]
[Result "0-1"]
[WhiteElo "1411"]
[BlackElo "1627"]
[Annotator "NA RC"]
[PlyCount "96"]
[EventDate "2020.12.13"]
[EventType "blitz"]

1. e4 {[%emt 0:00:02]} c6 {[%emt 0:00:02]} 2. d4 {[%emt 0:00:05]} d5 {[%emt 0:00:02]} 3. e5 {[%emt 0:00:01]} Bf5 {[%emt 0:00:02]} 4. Nf3 {[%emt 0:00:04]} e6 {[%emt 0:00:02]} 5. Nc3 {[%emt 0:00:07]} c5 {[%emt 0:00:02]} 6. Be3 {[%emt 0:00:08]} Qb6 {[%emt 0:00:06]} 7. Rb1 {[%emt 0:00:26]} Nc6 {[%emt 0:00:13]} 8. Bb5 {[%emt 0:00:09]} Bg6 {[%emt 0:00:10]} 9. O-O {[%emt 0:00:22]} Be7 {[%emt 0:00:13]} 10. a4 {[%emt 0:00:27]} a6 {[%emt 0:00:06]} 11. Bxc6+ {[%emt 0:00:06]} Qxc6 {[%emt 0:00:05]} 12. b4 {[%emt 0:00:05]} b6 {[%emt 0:00:06]} 13. b5 {[%emt 0:00:42]} axb5 {[%emt 0:00:02]} 14. axb5 {[%emt 0:00:11]} Qc7 {[%emt 0:00:04]} 15. Ra1 {[%emt 0:00:22]} Rxa1 {[%emt 0:00:04]} 16. Qxa1 {[%emt 0:00:08]} Bxc2 {[%emt 0:00:09]} 17. Qa8+ {[%emt 0:00:15]} Bd8 {[%emt 0:00:08]} 18. Rc1 {[%emt 0:00:18]} Be4 {[%emt 0:00:08]} 19. Nxe4 {[%emt 0:00:43]} dxe4 {[%emt 0:00:02]} 20. Qxe4 {[%emt 0:00:05]} Be7 {[%emt 0:00:12]} 21. Qa8+ {[%emt 0:00:23]} Qd8 {[%emt 0:00:05]} 22. Qxd8+ {[%emt 0:00:17]} Kxd8 {[%emt 0:00:14]} 23. dxc5 {[%emt 0:00:10]} bxc5 {[%emt 0:00:01]} 24. Bxc5 {[%emt 0:00:19]} Kd7 {[%emt 0:00:05]} 25. Bxe7 {[%emt 0:00:20]} Nxe7 {[%emt 0:00:03]} 26. b6 {[%emt 0:00:04]} Rb8 {[%emt 0:00:07]} 27. Rb1 {[%emt 0:00:40]} Nd5 {[%emt 0:00:06]} 28. Ng5 {[%emt 0:00:22]} f6 {[%emt 0:00:18]} 29. exf6 {[%emt 0:00:08]} Nxf6 {[%emt 0:00:06]} 30. Nf7 {[%emt 0:00:19]} Ke7 {[%emt 0:00:14]} 31. Ne5 {[%emt 0:00:08]} Kd6 {[%emt 0:00:15]} 32. Nc4+ {[%emt 0:00:03]} Kc5 {[%emt 0:00:06]} 33. Ne5 {[%emt 0:00:46]} Rb7 {[%emt 0:00:06]} 34. Nd3+ {[%emt 0:00:26]} Kd6 {[%emt 0:00:09]} 35. Nb4 {[%emt 0:00:11]} Rxb6 {[%emt 0:00:13]} 36. h3 {[%emt 0:00:19]} Nd5 {[%emt 0:00:06] Janoschluis offers a draw} 37. Nxd5 {[%emt 0:02:02]} Rxb1+ {[%emt 0:00:02]} 38. Kh2 {[%emt 0:00:02]} Kxd5 {[%emt 0:00:01]} 39. f3 {[%emt 0:00:02]} Ke5 {[%emt 0:00:03]} 40. Kg3 {[%emt 0:00:02]} Rb2 {[%emt 0:00:02]} 41. Kh2 {[%emt 0:00:01]} Kf4 {[%emt 0:00:02]} 42. h4 {[%emt 0:00:09]} h5 {[%emt 0:00:03]} 43. Kh3 {[%emt 0:00:05]} g6 {[%emt 0:00:01]} 44. Kh2 {[%emt 0:00:02]} Ke3 {[%emt 0:00:04]} 45. Kg3 {[%emt 0:00:06]} e5 {[%emt 0:00:03]} 46. Kh2 {[%emt 0:00:02]} Kf2 {[%emt 0:00:02]} 47. Kh3 {[%emt 0:00:01]} Rb1 {[%emt 0:00:02]} 48. Kh2 {[%emt 0:00:02]} Rc1 {[%emt 0:00:03] TimeW} 0-1

[Event "OeISM B U10"]
[Site "AUT_boys_U10"]
[Date "2020.12.13"]
[Round "4"]
[White "Max003"]
[Black "Sunny3000"]
[Result "1-0"]
[WhiteElo "1380"]
[BlackElo "1480"]
[Annotator "NA RC"]
[PlyCount "89"]
[EventDate "2020.12.13"]
[EventType "blitz"]

1. d4 {[%emt 0:00:03]} Nf6 {[%emt 0:00:03]} 2. Bf4 {[%emt 0:00:02]} e6 {[%emt 0:00:02]} 3. Nc3 {[%emt 0:00:02]} Bb4 {[%emt 0:00:02]} 4. a3 {[%emt 0:00:12]} Bxc3+ {[%emt 0:00:05]} 5. bxc3 {[%emt 0:00:06]} O-O {[%emt 0:00:04]} 6. Qd3 {[%emt 0:00:02]} Nc6 {[%emt 0:00:18]} 7. Bg5 {[%emt 0:00:03]} Nb4 {[%emt 0:00:08]} 8. axb4 {[%emt 0:00:04]} d6 {[%emt 0:00:17]} 9. e4 {[%emt 0:00:03]} e5 {[%emt 0:00:06]} 10. d5 {[%emt 0:00:03]} Bd7 {[%emt 0:00:04]} 11. Bxf6 {[%emt 0:00:06]} Qxf6 {[%emt 0:00:03]} 12. Be2 {[%emt 0:00:06]} c6 {[%emt 0:00:13]} 13. dxc6 {[%emt 0:00:07]} bxc6 {[%emt 0:00:04]} 14. Nf3 {[%emt 0:00:04]} Be6 {[%emt 0:00:22]} 15. Qxd6 {[%emt 0:00:09]} Rfd8 {[%emt 0:00:51]} 16. Qxe5 {[%emt 0:00:03]} Qg6 {[%emt 0:00:16]} 17. Qg5 {[%emt 0:00:06]} Qxe4 {[%emt 0:00:12]} 18. Qe5 {[%emt 0:00:30]} Qxc2 {[%emt 0:00:25]} 19. Qf4 {[%emt 0:00:22]} Qxc3+ {[%emt 0:00:30]} 20. Kf1 {[%emt 0:00:04]} Qxa1+ {[%emt 0:00:04]} 21. Ne1 {[%emt 0:00:02]} Rd4 {[%emt 0:00:48]} 22. Qe3 {[%emt 0:00:15]} Rad8 {[%emt 0:00:17]} 23. Qe5 {[%emt 0:00:07]} h6 {[%emt 0:00:16]} 24. g3 {[%emt 0:00:11]} Bc4 {[%emt 0:00:57]} 25. Bxc4 {[%emt 0:00:04]} Rxc4 {[%emt 0:00:05]} 26. Qxa1 {[%emt 0:00:03]} Rxb4 {[%emt 0:00:14]} 27. Kg2 {[%emt 0:00:04]} Rb3 {[%emt 0:00:01]} 28. Qxa7 {[%emt 0:00:03]} Rc3 {[%emt 0:00:14]} 29. Qc7 {[%emt 0:00:03]} Rd1 {[%emt 0:00:19]} 30. Qe5 {[%emt 0:00:23]} Rcc1 {[%emt 0:00:14]} 31. h3 {[%emt 0:00:05]} c5 {[%emt 0:00:13]} 32. Qe8+ {[%emt 0:00:02]} Kh7 {[%emt 0:00:02]} 33. Qe4+ {[%emt 0:00:06]} Kg8 {[%emt 0:00:05]} 34. Qe8+ {[%emt 0:00:07]} Kh7 {[%emt 0:00:02]} 35. Rh2 {[%emt 0:00:03]} Rxe1 {[%emt 0:00:08]} 36. Qxf7 {[%emt 0:00:07]} c4 {[%emt 0:00:06]} 37. h4 {[%emt 0:00:04]} c3 {[%emt 0:00:16]} 38. Qf5+ {[%emt 0:00:06]} Kg8 {[%emt 0:00:11]} 39. g4 {[%emt 0:00:02]} c2 {[%emt 0:00:10]} 40. g5 {[%emt 0:00:02]} Rg1+ {[%emt 0:00:27]} 41. Kh3 {[%emt 0:00:06]} hxg5 {[%emt 0:00:37]} 42. hxg5 {[%emt 0:00:03]} Rge1 {[%emt 0:00:42]} 43. g6 {[%emt 0:00:04]} Re8 {[%emt 0:00:10]} 44. Qf7+ {[%emt 0:00:03]} Kh8 {[%emt 0:00:05]} 45. Qxe8# {[%emt 0:00:02] Mate Mate} 1-0

[Event "OeISM B U10"]
[Site "AUT_boys_U10"]
[Date "2020.12.13"]
[Round "4"]
[White "Hugo_11"]
[Black "Davidalaba"]
[Result "0-1"]
[WhiteElo "1362"]
[BlackElo "1464"]
[Annotator "NA"]
[PlyCount "84"]
[EventDate "2020.12.13"]
[EventType "blitz"]

1. e4 {[%emt 0:00:03]} e5 {[%emt 0:00:01]} 2. Qh5 {[%emt 0:00:03]} Nc6 {[%emt 0:00:04]} 3. Bc4 {[%emt 0:00:02]} g6 {[%emt 0:00:23]} 4. Qf3 {[%emt 0:00:03]} Nf6 {[%emt 0:00:03]} 5. Nh3 {[%emt 0:00:02]} Bg7 {[%emt 0:00:05]} 6. Ng5 {[%emt 0:00:06]} O-O {[%emt 0:00:09]} 7. O-O {[%emt 0:00:02]} Nd4 {[%emt 0:00:09]} 8. Qc3 {[%emt 0:00:10]} d6 {[%emt 0:00:09]} 9. Bxf7+ {[%emt 0:00:05]} Rxf7 {[%emt 0:00:02]} 10. Nxf7 {[%emt 0:00:02]} Kxf7 {[%emt 0:00:01]} 11. Qc4+ {[%emt 0:00:07]} Be6 {[%emt 0:00:15]} 12. Qc3 {[%emt 0:00:05]} Nxe4 {[%emt 0:00:05]} 13. Qd3 {[%emt 0:00:09] Hugo_11 offers a draw} d5 {[%emt 0:00:21]} 14. f3 {[%emt 0:00:06]} Nf6 {[%emt 0:00:10]} 15. c3 {[%emt 0:00:04]} Nc6 {[%emt 0:00:06]} 16. Na3 {[%emt 0:00:03]} Bf5 {[%emt 0:00:06]} 17. Qb5 {[%emt 0:00:12]} Rb8 {[%emt 0:00:16]} 18. d3 {[%emt 0:00:12]} Be6 {[%emt 0:00:12]} 19. Bg5 {[%emt 0:00:10]} a6 {[%emt 0:00:17]} 20. Qb3 {[%emt 0:00:05]} d4 {[%emt 0:00:09]} 21. Bxf6 {[%emt 0:00:04]} Bxf6 {[%emt 0:00:06]} 22. cxd4 {[%emt 0:00:03]} Bxb3 {[%emt 0:00:03]} 23. dxe5 {[%emt 0:00:07]} Qd4+ {[%emt 0:00:11]} 24. Kh1 {[%emt 0:00:05]} Qxe5 {[%emt 0:00:03]} 25. axb3 {[%emt 0:00:03]} Be7 {[%emt 0:00:05]} 26. f4 {[%emt 0:00:02]} Qxb2 {[%emt 0:00:06]} 27. Rfb1 {[%emt 0:00:10]} Qd4 {[%emt 0:00:19]} 28. Rf1 {[%emt 0:00:07]} Qxd3 {[%emt 0:00:29]} 29. b4 {[%emt 0:00:06]} Bxb4 {[%emt 0:00:06]} 30. Nb5 {[%emt 0:00:13]} Qxb5 {[%emt 0:00:09]} 31. h3 {[%emt 0:00:03]} Qf5 {[%emt 0:00:14]} 32. g4 {[%emt 0:00:15]} Qd5+ {[%emt 0:00:05]} 33. Kh2 {[%emt 0:00:05]} Re8 {[%emt 0:00:06]} 34. f5 {[%emt 0:00:06]} Bd6+ {[%emt 0:00:04]} 35. Kg1 {[%emt 0:00:07]} Qd4+ {[%emt 0:00:17]} 36. Kh1 {[%emt 0:00:08]} Qe4+ {[%emt 0:00:05]} 37. Kg1 {[%emt 0:00:03]} Qe3+ {[%emt 0:00:12]} 38. Kh1 {[%emt 0:00:04]} Qg3 {[%emt 0:00:07]} 39. fxg6+ {[%emt 0:00:03]} Kxg6 {[%emt 0:00:06]} 40. Ra2 {[%emt 0:00:09]} Qxh3+ {[%emt 0:00:09]} 41. Kg1 {[%emt 0:00:05]} Bc5+ {[%emt 0:00:04]} 42. Rff2 {[%emt 0:00:04]} Re1# {[%emt 0:00:02] Mate Mate} 0-1